Statistics for Birmingham 2022 Commonwealth Games Medal-Winning Countries

Click here to take the quiz!

General Stats

  • This quiz has been taken 380 times
  • The average score is 32 of 43

Answer Stats

Answer% Correct
Australia
98%
England
96%
New Zealand
96%
Scotland
95%
Wales
94%
Canada
93%
India
93%
Jamaica
93%
South Africa
93%
Northern Ireland
92%
Kenya
88%
Pakistan
86%
Nigeria
83%
Singapore
83%
Fiji
82%
Bahamas
80%
Barbados
78%
Malaysia
78%
Sri Lanka
78%
Cyprus
77%
Samoa
76%
Trinidad & Tobago
76%
Ghana
75%
Tanzania
75%
Saint Lucia
74%
Uganda
74%
Malta
72%
Zambia
71%
Namibia
70%
Grenada
68%
Botswana
67%
Dominica
61%
Papua New Guinea
61%
Cameroon
60%
Mozambique
58%
Nauru
56%
Vanuatu
56%
Bermuda
53%
The Gambia
53%
Guernsey
52%
Mauritius
50%
British Virgin Islands
38%
Niue
26%

Score Distribution

Percentile by Number Answered

Percent of People with Each Score

Your Score History

You have not taken this quiz